书目信息 |
| 题名: |
电工学电工技术(第六版)同步辅导及习题全解
|
|
| 作者: | 陈勇 , 孟祥曦 主编 | |
| 分册: | ||
| 出版信息: | 北京 中国水利水电出版社 2009.04 |
|
| 页数: | 264页 | |
| 开本: | 24cm | |
| 丛书名: | 九章丛书 | |
| 单 册: | ||
| 中图分类: | TM1 , TN01 | |
| 科图分类: | ||
| 主题词: | 电工学--dian gong xue--高等学校--教学参考资料 , 电子技术--dian zi ji shu--高等学校--教学参考资料 | |
| 电子资源: | ||
| ISBN: | 978-7-5084-6371-1 | |
| 000 | 01405nam 2200313 450 | |
| 001 | 012010095858 | |
| 005 | 20100623173331.71 | |
| 010 | @a978-7-5084-6371-1@dCNY18.80 | |
| 100 | @a20100623d2009 em y0chiy0120 ea | |
| 101 | 0 | @achi |
| 102 | @aCN@b110000 | |
| 105 | @aak z 000yy | |
| 106 | @ar | |
| 200 | 1 | @a电工学电工技术(第六版)同步辅导及习题全解@Adian gong xue dian gong ji shu(di liu ban)tong bu fu dao ji xi ti quan jie@f陈勇, 孟祥曦主编@Fchen yong,meng xiang xi zhu bian |
| 210 | @a北京@c中国水利水电出版社@d2009.04 | |
| 215 | @a264页@c图@d24cm | |
| 225 | 2 | @a九章丛书@Ajiu zhang cong shu |
| 225 | 2 | @a高校经典教材同步辅导丛书@Agao xiao jing dian jiao cai tong bu fu dao cong shu |
| 330 | @a本书共13章,具体内容包括:电路的基本概念与基本定律、电路的分析方法、电路的暂态分析、正弦交流电路、三相电路、磁路与铁心线圈电路、交流电动机、直流电动机、控制电机、继电接触器控制系统、可编程控制器及其应用、工业企业供电与安全用电、电工测量。每章内容都包括重点内容提要、练习与思考题解答、课后习题全解。 | |
| 410 | 0 | @12001 @a九章丛书 |
| 410 | 0 | @12001 @a高校经典教材同步辅导丛书 |
| 606 | 0 | @a电工学@Adian gong xue@x高等学校@j教学参考资料 |
| 606 | 0 | @a电子技术@Adian zi ji shu@x高等学校@j教学参考资料 |
| 690 | @aTM1@v4 | |
| 690 | @aTN01@v4 | |
| 701 | 0 | @a陈勇@Achen yong@4主编 |
| 701 | 0 | @a孟祥曦@Ameng xiang xi@4主编 |
| 801 | 0 | @aCN@bQSSK@c20100623 |
| 905 | @b782063-65@dTM1@eC632@f3 | |
| 电工学电工技术(第六版)同步辅导及习题全解/陈勇, 孟祥曦主编.-北京:中国水利水电出版社,2009.04 |
| 264页:图;24cm.-(九章丛书).-(高校经典教材同步辅导丛书) |
| ISBN 978-7-5084-6371-1:CNY18.80 |
| 本书共13章,具体内容包括:电路的基本概念与基本定律、电路的分析方法、电路的暂态分析、正弦交流电路、三相电路、磁路与铁心线圈电路、交流电动机、直流电动机、控制电机、继电接触器控制系统、可编程控制器及其应用、工业企业供电与安全用电、电工测量。每章内容都包括重点内容提要、练习与思考题解答、课后习题全解。 |
| ● |
| 相关链接 |
|
|
|
正题名:电工学电工技术(第六版)同步辅导及习题全解
索取号:TM1/C632
 
预约/预借
| 序号 | 登录号 | 条形码 | 馆藏地/架位号 | 状态 | 备注 |
| 1 | 782063 | 207820633 | 自科库301/301自科库 6排2列5层/ [索取号:TM1/C632] | 在馆 | |
| 2 | 782064 | 207820642 | 自科二线404/301自科库 4排2列1层/ [索取号:TM1/C632] | 在馆 | |
| 3 | 782065 | 207820651 | 自科库301/301自科库 6排2列5层/ [索取号:TM1/C632] | 在馆 |